Pages de début (notice n° 1888627)

détails MARC
000 -LEADER
fixed length control field 02084cam a2200217 4500500
005 - DATE AND TIME OF LATEST TRANSACTION
control field 20260329014359.0
041 ## - LANGUAGE CODE
Language code of text/sound track or separate title fre
042 ## - AUTHENTICATION CODE
Authentication code dc
100 10 - MAIN ENTRY--PERSONAL NAME
Personal name Ellini, Sana
Relator term author
245 00 - TITLE STATEMENT
Title Pages de début
260 ## - PUBLICATION, DISTRIBUTION, ETC.
Date of publication, distribution, etc. 2014.<br/>
500 ## - GENERAL NOTE
General note 61
520 ## - SUMMARY, ETC.
Summary, etc. Le stress professionnel peut être rencontré dans plusieurs domaines. Le milieu psychiatrique représente l’un des secteurs professionnels où le stress subi par les infirmiers est important car à côté des soins qu’ils assurent, ils sont en confrontation directe avec le malade psychiatrique. Dans notre étude, on s’est intéressé à évaluer le niveau de stress chez un groupe d’infirmiers exerçant dans des services de psychiatrie, à identifier les principaux déterminants psycho-sociaux en rapport avec l’état de stress et de rechercher une dépression survenue suite à ce stress. La connaissance de ces répercussions sur le personnel nous aide à aménager et à améliorer les conditions au travail jugées stressantes afin de protéger les personnels et garantir une meilleure qualité de travail.
520 ## - SUMMARY, ETC.
Summary, etc. The stress can be encountered in several areas. The psychiatric hospital is one of the professional sectors where the stress experienced by nurses is important because, in addition to the care they provide, they are in direct confrontation with the psychiatric patient. In our study, we are interested to assess the level of stress in a group of nurses working in psychiatric services, to identify the main psycho-social status relation stress and seek a depression occurred following stress. Knowledge of the impact on staff helps us to develop and improve work conditions considered stressful to protect staff and ensure a better quality of work.
700 10 - ADDED ENTRY--PERSONAL NAME
Personal name Ellouze, Faten
Relator term author
700 10 - ADDED ENTRY--PERSONAL NAME
Personal name Chennoufi, Leila
Relator term author
700 10 - ADDED ENTRY--PERSONAL NAME
Personal name Cheour, Mejda
Relator term author
700 10 - ADDED ENTRY--PERSONAL NAME
Personal name Fadel M’rad, Mohamed
Relator term author
786 0# - DATA SOURCE ENTRY
Note Psy Cause | 67 | 3 | 2014-01-19 | p. 1-1 | 1245-2394
856 41 - ELECTRONIC LOCATION AND ACCESS
Uniform Resource Identifier <a href="https://shs.cairn.info/revue-psy-cause-2014-3-page-1?lang=fr&redirect-ssocas=7080">https://shs.cairn.info/revue-psy-cause-2014-3-page-1?lang=fr&redirect-ssocas=7080</a>

Pas d'exemplaire disponible.

PLUDOC

PLUDOC est la plateforme unique et centralisée de gestion des bibliothèques physiques et numériques de Guinée administré par le CEDUST. Elle est la plus grande base de données de ressources documentaires pour les Étudiants, Enseignants chercheurs et Chercheurs de Guinée.

Adresse

627 919 101/664 919 101

25 boulevard du commerce
Kaloum, Conakry, Guinée

Réseaux sociaux

Powered by Netsen Group @ 2025